Statistics for Manchester City transfers in from the 08/09 season to14/15

Click here to take the quiz!

General Stats

  • This quiz has been taken 196 times
    (186 since last reset)
  • The average score is 31 of 49

Answer Stats

PositionFeeSeason signed inNationalityAnswer% Correct
FOR£32.5million08/09BrazilRobinho
94%
DEF£6.7million08/09BelgiumKompany
84%
FOR£38million11/12ArgentinaAguero
83%
FOR£25million09/10TogoAdebayor
80%
FOR£27million10/11BosniaDzeko
80%
FOR£14million08/09WalesBellamy
79%
FOR£18million08/09BrazilJo
77%
MID£25million10/11SpainSilva
77%
MID£24million10/11Ivory CoastYaya Toure
77%
FOR£24.5million10/11ItalyBalotelli
76%
MID£30million13/14BrazilFernandinho
76%
MID£22million11/12FranceNasri
76%
FOR£25.5million09/10ArgentinaTevez
76%
FOR£17.5million09/10ParaguaySanta Cruz
76%
MID£16million08/09HollandDe Jong
76%
DEF£6.5million08/09ArgentinaZabaleta
74%
DEF£16million09/10Ivory CoastKolo Toure
73%
DEF£32million14/15FranceMangala
73%
DEF£17million10/11SerbiaKolarov
73%
FOR£25.8million13/14MontenegroJovetic
73%
GK£3million11/12RomaniaPantilimon
70%
GK£8million08/09Rep IrelandGiven
70%
MID£12million14/15BrazilFernando
70%
DEF£6million11/12MontenegroSavic
67%
FOR£20.6million13/14SpainNegredo
67%
MID£26million10/11EnglandMilner
67%
GK£6million14/15ArgentinaCaballero
67%
DEF£7million11/12FranceClichy
66%
DEF£11million10/11GermanyBoateng
65%
MID£22.9million13/14SpainNavas
64%
MID£12million09/10EnglandBarry
64%
DEFFREE14/15FranceSagna
62%
DEF£3.5million13/14ArgentinaDemichelis
61%
DEF£22million09/10EnglandLescott
59%
DEF£12million12/13SerbiaNastasic
58%
MIDLOAN14/15EnglandLampard
50%
DEF£5million08/09IsraelBen Haim
50%
MID£16million12/13SpainGarcia
49%
MID£15million12/13EnglandRodwell
47%
DEF£3million12/13BrazilMaicon
46%
GKFREE12/13EnglandWright
45%
DEF£12million08/09EnglandBridge
42%
MIDFREE09/10FranceVieira
40%
MID£7million09/10EnglandJohnson
36%
MID£8million12/13EnglandSinclair
36%
MIDFREE11/12EnglandHargreaves
32%
MID£9million08/09EnglandWright Phillips
24%
MID£1.5million14/15ArgentinaZuculini
23%
GKFREE09/10EnglandTaylor
19%

Score Distribution

Percentile by Number Answered

Percent of People with Each Score

Your Score History

You have not taken this quiz since the last reset